Operación Masacre

Adaptación del libro homónimo de Rodolfo Walsh. -- En 1956, un intento de golpe cívico-militar contra la dictadura autodenominada "Revolución Libertadora" fracasa, y en represalia, en un terreno descampado de José León Suárez (provincia de Buenos Aires), son ilegalmente fusilados varios ci...

Descripción completa

Guardado en:
Autor Principal: Cedrón, Jorge.
Otros Autores: Walsh, Rodolfo; Autor., Troxler, Julio; Narrador., Aleandro, Norma; Reparto., Carella, Carlos; Reparto., Laplace, Víctor; Reparto., Picchio, Ana María; Reparto.
Formato: Deslizar
Idioma:Undetermined
Publicado: Argentina, 1973.
Materias:
Etiquetas: Agregar Etiqueta
Sin Etiquetas, Sea el primero en etiquetar este registro!
LEADER 01274ngm a22002535a 4500
001 CEM.cems020594
008 231030s1973####xx#---############vlund#d
005 20231030203907.0
245 1 0 |a Operación Masacre  |h [videograbación] /  |c Jorge Cedrón. 
260 |a Argentina,  |c 1973. 
300 |a 100'. 
520 |a Adaptación del libro homónimo de Rodolfo Walsh. -- En 1956, un intento de golpe cívico-militar contra la dictadura autodenominada "Revolución Libertadora" fracasa, y en represalia, en un terreno descampado de José León Suárez (provincia de Buenos Aires), son ilegalmente fusilados varios civiles sospechados de formar parte del alzamiento. Sin embargo, siete personas lograron sobrevivir y contar la historia. 
590 |a Identificación anterior: 253 
538 |a Soporte: DVD -- Formato: DVD – Peso: 3.50gb -- Resolución: 720 x 480 -- 29.97fps 
100 1 |a Cedrón, Jorge. 
700 1 |a Walsh, Rodolfo; Autor. 
700 1 |a Troxler, Julio; Narrador. 
700 1 |a Aleandro, Norma; Reparto. 
700 1 |a Carella, Carlos; Reparto. 
700 1 |a Laplace, Víctor; Reparto. 
700 1 |a Picchio, Ana María; Reparto. 
653 |a LARGOMETRAJE 
653 |a FICCIÓN 
859 |a CEMS  |b BIB. CEMS - Depto. Recursos Didacticos  |h 778.5  |i CED  |k DRD  |p 3197.23  |t Ej.1